Metoda kvantifikace vlivu změn struktury, kooperace a úspor na změny ekonomických ukazatelů
Gespeichert in:
| 1. Verfasser: | |
|---|---|
| Format: | Buch |
| Sprache: | Tschechisch |
| Veröffentlicht: |
Praha
Ekonomický ústav ČSAV
1981
|
| Schriftenreihe: | VPE
č. 150 |
| Tags: |
Keine Tags, Fügen Sie das erste Tag hinzu!
|
MARC
| LEADER | 00000nam a2200000 4500 | ||
|---|---|---|---|
| 001 | c126910 | ||
| 005 | 20150325105527.1 | ||
| 041 | 0 | |a cze | |
| 044 | |a CZ | ||
| 245 | 1 | 0 | |a Metoda kvantifikace vlivu změn struktury, kooperace a úspor na změny ekonomických ukazatelů |c Stanislav Samek |
| 264 | 1 | |a Praha |b Ekonomický ústav ČSAV |c 1981 | |
| 300 | |a 117 s. | ||
| 490 | 1 | |a VPE |v č. 150 | |
| 830 | 0 | |a VPE |v č. 150 | |
| 100 | 1 | |a Samek, Stanislav | |